تحميل...

Fundamentals of journalism/

التفاصيل البيبلوغرافية
المؤلف الرئيسي: Shipra Kundra
التنسيق: Printed Book
اللغة:English
منشور في: New Delhi: Anmol, 2005.
LEADER 00504nam a22001457a 4500
008 160809b xxu||||| |||| 00| 0 eng d
020 |a 81-261-2433-4 
082 |a 302.23 SHI/F 
100 |a Shipra Kundra. 
245 |a Fundamentals of journalism/ 
260 |a New Delhi:  |b Anmol,  |c 2005. 
300 |a 328p. 
942 |2 ddc  |c BK 
999 |c 340738  |d 340738 
952 |0 0  |1 0  |4 0  |6 302_230000000000000_SHI_F  |7 0  |9 391185  |a POL  |b POL  |c ST1  |d 2012-02-22  |g 0.00  |i POL698  |l 4  |o 302.23 SHI/F  |p POL698  |r 2017-11-16  |s 2017-11-01  |w 2018-08-20  |y BK